[Event "Riga Old Town Pullman 3rd"]
[Site "Riga"]
[Date "2020.02.29"]
[Round "1"]
[White "Pakalns, Raivis Kristians"]
[Black "Kengis, Edvins"]
[Result "0-1"]
[WhiteElo "1740"]
[BlackElo "2536"]
[PlyCount "100"]
[EventDate "2020.02.29"]
[EventType "swiss"]
[EventRounds "9"]
[EventCountry "LAT"]
[SourceTitle "CBM 195 Extra"]
[Source "ChessBase"]
[SourceDate "2020.05.31"]
[SourceVersion "1"]
[SourceVersionDate "2020.05.31"]
[SourceQuality "1"]

1. e4 c5 2. Nc3 a6 3. a4 Nc6 4. f4 e6 5. Nf3 d5 6. d3 g6 7. Be2 Bg7 8. 0-0 Nge7 9. Qe1 0-0 10. Qh4 f5 11. e5 d4 12. Nb1 Nd5 13. Qg3 Bd7 14. Bd2 b5 15. Na3 Qb6 16. Kh1 Nce7 17. Rab1 h6 18. c4 Nc7 19. axb5 axb5 20. cxb5 Bxb5 21. Nh4 Kh7 22. Qh3 Ra7 23. g4 Bc6+ 24. Kg1 Bd5 25. g5 Na6 26. gxh6 Bxh6 27. Bf3 Nb4 28. Bxd5 exd5 29. Nf3 Kg7 30. Qh4 Nxd3 31. Ng5 Bxg5 32. Qxg5 c4 33. Rf3 Rh8 34. Qf6+ Qxf6 35. exf6+ Kxf6 36. Nb5 Rb7 37. Nxd4 Kf7 38. Bc3 Rh4 39. Ne2 Nc8 40. Rd1 Nd6 41. Rdxd3 cxd3 42. Rxd3 Re7 43. Be5 Nc4 44. Rxd5 Nxe5 45. fxe5 Re4 46. Nc3 R4xe5 47. Rd6 R5e6 48. Rd2 Rb6 49. Nd1 Reb7 50. Kf2 Rb3 0-1

[Event "Riga Old Town Pullman 3rd"]
[Site "Riga"]
[Date "2020.02.29"]
[Round "9"]
[White "Sveshnikov, Vladimir"]
[Black "Kengis, Edvins"]
[Result "1-0"]
[WhiteElo "2424"]
[BlackElo "2536"]
[PlyCount "79"]
[EventDate "2020.02.29"]
[EventType "swiss"]
[EventRounds "9"]
[EventCountry "LAT"]
[SourceTitle "CBM 195 Extra"]
[Source "ChessBase"]
[SourceDate "2020.05.31"]
[SourceVersion "1"]
[SourceVersionDate "2020.05.31"]
[SourceQuality "1"]

1. e4 b6 2. d4 Bb7 3. Bd3 e6 4. Nf3 c5 5. c3 Nf6 6. e5 Nd5 7. 0-0 Be7 8. Re1 cxd4 9. Nxd4 Nc6 10. Nxc6 Bxc6 11. c4 Nb4 12. Bf1 a5 13. a3 Na6 14. Qg4 g6 15. Bh6 Nc5 16. Nc3 Qc7 17. Rad1 Qb7 18. Nb5 Bxb5 19. cxb5 a4 20. g3 Rc8 21. Bg2 Qb8 22. Bg5 h5 23. Qh4 Bxg5 24. Qxg5 Qc7 25. h4 Qd8 26. Qf4 Qe7 27. Rd6 Rb8 28. Red1 0-0 29. Qe3 Rfc8 30. Kh2 Rc7 31. Bf3 Kg7 32. Kg2 f5 33. exf6+ Qxf6 34. R1d4 Rcc8 35. Rf4 Qxb2 36. Rdd4 d6 37. Rxd6 Rd8 38. Rdd4 Rxd4 39. Qe5+ Kg8 40. Qxb8+ 1-0

[Event "Riga Old Town Pullman 3rd"]
[Site "Riga"]
[Date "2020.02.29"]
[Round "3"]
[White "Vedrickas, Tautvydas"]
[Black "Kengis, Edvins"]
[Result "1-0"]
[WhiteElo "2397"]
[BlackElo "2536"]
[PlyCount "75"]
[EventDate "2020.02.29"]
[EventType "swiss"]
[EventRounds "9"]
[EventCountry "LAT"]
[SourceTitle "CBM 195 Extra"]
[Source "ChessBase"]
[SourceDate "2020.05.31"]
[SourceVersion "1"]
[SourceVersionDate "2020.05.31"]
[SourceQuality "1"]

1. d4 Nf6 2. c4 g6 3. Nc3 d5 4. cxd5 Nxd5 5. e4 Nxc3 6. bxc3 Bg7 7. Bg5 0-0 8. Rc1 c5 9. d5 Qd6 10. Nf3 Bg4 11. Be2 Nd7 12. 0-0 Bxf3 13. Bxf3 b5 14. g3 c4 15. Bg2 Nc5 16. Bf4 Be5 17. Be3 Nd3 18. f4 Bg7 19. e5 Qa3 20. Rc2 f6 21. d6 Rad8 22. Bc6 exd6 23. e6 d5 24. f5 Qa6 25. Bxb5 Qxb5 26. e7 Qd7 27. exd8Q Rxd8 28. Bd4 Re8 29. Re2 g5 30. Rxe8+ Qxe8 31. Qf3 Qd7 32. Rb1 Bf8 33. Rb8 Kg7 34. Qh5 Ne5 35. Bxe5 fxe5 36. Qxg5+ Kf7 37. Qh5+ Kg7 38. f6+ 1-0

[Event "LAT-chT"]
[Site "Riga"]
[Date "2019.06.09"]
[Round "6.3"]
[White "Kengis, Edvins"]
[Black "Semjonovs, Ilja"]
[Result "1/2-1/2"]
[WhiteElo "2543"]
[BlackElo "2398"]
[PlyCount "88"]
[EventDate "2019.02.16"]
[EventType "team-tourn"]
[EventRounds "9"]
[EventCountry "LAT"]
[SourceTitle "CBM 190 Extra"]
[Source "ChessBase"]
[SourceDate "2019.07.15"]
[SourceVersion "1"]
[SourceVersionDate "2019.07.15"]
[SourceQuality "1"]
[WhiteTeam "Riga Technical Univ"]
[BlackTeam "Maxon&Co"]
[WhiteTeamCountry "LAT"]
[BlackTeamCountry "LAT"]

1. Nf3 Nf6 2. c4 e6 3. g3 b6 4. Bg2 Bb7 5. 0-0 d6 6. d4 Nbd7 7. Nc3 Ne4 8. Nxe4 Bxe4 9. Ne1 Bxg2 10. Nxg2 Be7 11. e4 0-0 12. b3 c5 13. Bb2 cxd4 14. Bxd4 Qc7 15. Qe2 Bf6 16. Rad1 Bxd4 17. Rxd4 Rad8 18. Rfd1 Ne5 19. Ne3 Rd7 20. f4 Nc6 21. R4d2 Rfd8 22. h4 h6 23. Kh2 a6 24. h5 Qb7 25. Qg2 b5 26. g4 Qb6 27. Qg3 bxc4 28. Nxc4 Qc5 29. g5 hxg5 30. fxg5 d5 31. Ne5 Nxe5 32. Qxe5 Qd6 33. Qxd6 Rxd6 34. exd5 exd5 35. Rd4 Kh7 36. Kg3 R8d7 37. Kf4 f6 38. g6+ Kh6 39. Re1 Rd8 40. Kf5 Rc6 41. Red1 Rc2 42. Rxd5 Rxd5+ 43. Rxd5 Kxh5 44. Ra5 Rc6 1/2-1/2

[Event "Liepajas Rokade Super"]
[Site "Liepaja"]
[Date "2018.08.05"]
[Round "5"]
[White "Kulaots, Kaido"]
[Black "Kengis, Edvins"]
[Result "1/2-1/2"]
[WhiteElo "2554"]
[BlackElo "2545"]
[PlyCount "21"]
[EventDate "2018.08.04"]
[EventType "tourn (rapid)"]
[EventRounds "9"]
[EventCountry "LAT"]
[EventCategory "12"]
[SourceTitle "CBM 185 Extra"]
[Source "ChessBase"]
[SourceDate "2018.07.29"]
[SourceVersion "1"]
[SourceVersionDate "2018.07.29"]
[SourceQuality "1"]

1. e4 c5 2. Nf3 e6 3. d4 cxd4 4. Nxd4 a6 5. Be2 Nf6 6. Nc3 Qc7 7. 0-0 Bc5 8. Qd3 Nc6 9. Nb3 Be7 10. a4 d5 11. exd5 1/2-1/2

[Event "Abu Dhabi op 19th"]
[Site "Abu Dhabi"]
[Date "2009.08.19"]
[Round "8"]
[White "Kengis, Edvins"]
[Black "Galojan, Lilit"]
[Result "1/2-1/2"]
[WhiteElo "2543"]
[BlackElo "2338"]
[PlyCount "56"]
[EventDate "2009.08.12"]
[EventType "swiss"]
[EventRounds "9"]
[EventCountry "UAE"]
[SourceTitle "CBM 131 Extra"]
[Source "ChessBase"]
[SourceDate "2009.09.03"]
[SourceVersion "2"]
[SourceVersionDate "2009.09.16"]
[SourceQuality "1"]

1. d4 Nf6 2. c4 e6 3. Nf3 b6 4. g3 Ba6 5. Qc2 Bb7 6. Bg2 c5 7. d5 exd5 8. cxd5 Nxd5 9. 0-0 Be7 10. Rd1 Qc8 11. a3 d6 12. Nd4 Nf6 13. Qa4+ Kf8 14. Bxb7 Qxb7 15. Nf5 Qe4 16. Qxe4 Nxe4 17. f3 Nf6 18. Nc3 Nc6 19. Bf4 Rd8 20. e4 Rg8 21. Kf2 g5 22. Bxd6 Bxd6 23. Nxd6 Kg7 24. b4 Nd4 25. bxc5 bxc5 26. Nc4 Rd7 27. e5 Nd5 28. Ne4 Rc8 1/2-1/2

[Event "Abu Dhabi op 19th"]
[Site "Abu Dhabi"]
[Date "2009.08.18"]
[Round "7"]
[White "Ovetchkin, Roman"]
[Black "Kengis, Edvins"]
[Result "1-0"]
[WhiteElo "2548"]
[BlackElo "2543"]
[PlyCount "51"]
[EventDate "2009.08.12"]
[EventType "swiss"]
[EventRounds "9"]
[EventCountry "UAE"]
[SourceTitle "CBM 131 Extra"]
[Source "ChessBase"]
[SourceDate "2009.09.03"]
[SourceVersion "2"]
[SourceVersionDate "2009.09.16"]
[SourceQuality "1"]

1. d4 d5 2. c4 c6 3. Nf3 Nf6 4. Nc3 e6 5. g3 dxc4 6. Bg2 Nbd7 7. 0-0 b5 8. e4 Bb7 9. e5 Nd5 10. Ng5 Nxc3 11. bxc3 Be7 12. Qh5 g6 13. Qh6 Bf8 14. Qh3 Be7 15. Ne4 Nb6 16. Bg5 Bxg5 17. Nd6+ Qxd6 18. exd6 Bd2 19. a4 bxa4 20. Ra3 Bg5 21. Qg4 Bd8 22. Rb1 0-0 23. Qd1 Bf6 24. Rxa4 Rfd8 25. Ra5 Rxd6 26. Qc1 1-0

[Event "Abu Dhabi op 19th"]
[Site "Abu Dhabi"]
[Date "2009.08.17"]
[Round "6"]
[White "Kengis, Edvins"]
[Black "Adu, Oladapo"]
[Result "1-0"]
[WhiteElo "2543"]
[BlackElo "2276"]
[PlyCount "79"]
[EventDate "2009.08.12"]
[EventType "swiss"]
[EventRounds "9"]
[EventCountry "UAE"]
[SourceTitle "CBM 131 Extra"]
[Source "ChessBase"]
[SourceDate "2009.09.03"]
[SourceVersion "2"]
[SourceVersionDate "2009.09.16"]
[SourceQuality "1"]

1. d4 d6 2. e4 g6 3. Nf3 Bg4 4. Be2 Bg7 5. h3 Bxf3 6. Bxf3 c6 7. 0-0 Nd7 8. c3 Ngf6 9. Nd2 0-0 10. a4 a5 11. b3 Qc7 12. Ba3 c5 13. Nc4 Rfd8 14. Qe2 Ne8 15. Rac1 Rac8 16. Rfd1 b6 17. Bb2 Bh6 18. Rb1 Bg7 19. Na3 Qb8 20. Qe3 Nc7 21. Be2 Qb7 22. d5 Nf6 23. c4 e5 24. dxe6 Nxe6 25. Bf3 Qe7 26. Nb5 Rd7 27. g3 Rcd8 28. Bg2 h5 29. h4 Ng4 30. Qe2 Be5 31. Bh3 f5 32. exf5 gxf5 33. Bxg4 hxg4 34. Rd5 Nf4 35. gxf4 Qxh4 36. Qf1 Bxf4 37. Qg2 Qg5 38. Nc3 Be5 39. Rbd1 Qf6 40. Ne4 1-0

[Event "Abu Dhabi op 19th"]
[Site "Abu Dhabi"]
[Date "2009.08.13"]
[Round "2"]
[White "Kengis, Edvins"]
[Black "Issa, Mohamed"]
[Result "1-0"]
[WhiteElo "2543"]
[BlackElo "1987"]
[PlyCount "43"]
[EventDate "2009.08.12"]
[EventType "swiss"]
[EventRounds "9"]
[EventCountry "UAE"]
[SourceTitle "CBM 131 Extra"]
[Source "ChessBase"]
[SourceDate "2009.09.03"]
[SourceVersion "2"]
[SourceVersionDate "2009.09.16"]
[SourceQuality "1"]

1. d4 e6 2. c4 d5 3. Nc3 Nf6 4. Nf3 c5 5. cxd5 exd5 6. Bg5 Be6 7. dxc5 Bxc5 8. e3 Be7 9. Bb5+ Nc6 10. Nd4 Rc8 11. 0-0 0-0 12. Rc1 h6 13. Bxf6 Bxf6 14. Bxc6 bxc6 15. Na4 Qd6 16. Nc5 Bxd4 17. Qxd4 Qe7 18. b4 Rfd8 19. Rc3 Qd6 20. Nb7 Qd7 21. Nxd8 Qxd8 22. Rfc1 1-0

[Event "Abu Dhabi op 19th"]
[Site "Abu Dhabi"]
[Date "2009.08.12"]
[Round "1"]
[White "Al Khelaifi, Kholoud"]
[Black "Kengis, Edvins"]
[Result "0-1"]
[WhiteElo "1488"]
[BlackElo "2543"]
[PlyCount "60"]
[EventDate "2009.08.12"]
[EventType "swiss"]
[EventRounds "9"]
[EventCountry "UAE"]
[SourceTitle "CBM 131 Extra"]
[Source "ChessBase"]
[SourceDate "2009.09.03"]
[SourceVersion "2"]
[SourceVersionDate "2009.09.16"]
[SourceQuality "1"]

1. d4 Nf6 2. c3 g6 3. Nd2 Bg7 4. e4 0-0 5. Bd3 c5 6. Ngf3 d6 7. d5 e6 8. c4 exd5 9. cxd5 Bg4 10. 0-0 Nbd7 11. h3 Bxf3 12. Nxf3 c4 13. Bc2 Nc5 14. Re1 Re8 15. Nd2 b5 16. Qf3 Nxd5 17. Re2 Nb4 18. Nf1 Nxc2 19. Rxc2 Nxe4 20. Rb1 d5 21. Re2 f5 22. Be3 d4 23. Rd1 d3 24. Ree1 Bxb2 25. Rb1 Bc3 26. Red1 b4 27. Nd2 Bxd2 28. Bxd2 c3 29. Bc1 c2 30. Rxd3 cxb1Q 0-1

[Event "Abu Dhabi op 18th"]
[Site "Abu Dhabi"]
[Date "2008.09.08"]
[Round "5"]
[White "Gagunashvili, Merab"]
[Black "Kengis, Edvins"]
[Result "1-0"]
[WhiteElo "2566"]
[BlackElo "2543"]
[PlyCount "107"]
[EventDate "2008.09.06"]
[EventType "swiss (rapid)"]
[EventRounds "9"]
[EventCountry "UAE"]
[SourceTitle "EXT 2009"]
[Source "ChessBase"]
[SourceDate "2008.11.26"]
[SourceVersion "1"]
[SourceVersionDate "2008.11.26"]
[SourceQuality "1"]

1. d4 d5 2. c4 e6 3. Nc3 c5 4. cxd5 exd5 5. Nf3 Nc6 6. Bf4 c4 7. e4 dxe4 8. Ne5 Nxe5 9. dxe5 Qxd1+ 10. Rxd1 Be6 11. Nxe4 Bb4+ 12. Bd2 Be7 13. Be2 f5 14. Nc3 0-0-0 15. 0-0 Nh6 16. Bxh6 gxh6 17. Nb5 Bc5 18. Rc1 Kb8 19. Bxc4 Bxc4 20. Rxc4 Rd5 21. Nc3 Rxe5 22. Rd1 Rc8 23. Kf1 Be7 24. Rxc8+ Kxc8 25. f4 Rc5 26. Rd2 Bd8 27. Nd5 Kd7 28. Nf6+ Ke6 29. Rxd8 Kxf6 30. Rd6+ Ke7 31. Rxh6 Rc1+ 32. Kf2 Rc2+ 33. Kg3 Rxb2 34. a4 a5 35. Rxh7+ Kf6 36. Rh6+ Kf7 37. Rd6 b6 38. Kh3 Rb4 39. g3 Rxa4 40. Rxb6 Ra2 41. Kh4 Rxh2+ 42. Kg5 Rg2 43. Rb3 Ke6 44. Re3+ Kd6 45. Kxf5 Kc5 46. g4 a4 47. g5 Kb4 48. Kg6 a3 49. Re8 a2 50. Ra8 Kb3 51. f5 Rg4 52. Rxa2 Kxa2 53. f6 Kb3 54. f7 1-0

[Event "Abu Dhabi op 18th"]
[Site "Abu Dhabi"]
[Date "2008.09.08"]
[Round "4"]
[White "Kengis, Edvins"]
[Black "Bajarani, Ulvi"]
[Result "1/2-1/2"]
[WhiteElo "2543"]
[BlackElo "2201"]
[PlyCount "77"]
[EventDate "2008.09.06"]
[EventType "swiss (rapid)"]
[EventRounds "9"]
[EventCountry "UAE"]
[SourceTitle "EXT 2009"]
[Source "ChessBase"]
[SourceDate "2008.11.26"]
[SourceVersion "1"]
[SourceVersionDate "2008.11.26"]
[SourceQuality "1"]

1. Nf3 d5 2. d4 Nf6 3. c4 c6 4. Nc3 dxc4 5. a4 Bf5 6. Ne5 Na6 7. e3 Nb4 8. Bxc4 e6 9. 0-0 Be7 10. Re1 Nbd5 11. e4 Nxc3 12. bxc3 Bxe4 13. Bg5 Bg6 14. h4 0-0 15. g4 h6 16. Bxf6 Bxf6 17. Nxg6 fxg6 18. Rxe6 Kh8 19. g5 Bxg5 20. Rxg6 Bxh4 21. Qh5 Bxf2+ 22. Kg2 Qh4 23. Qe5 Rf6 24. Rxf6 gxf6 25. Qd6 Be3 26. Rf1 Rg8+ 27. Bxg8 Qg4+ 28. Kh2 Qe2+ 29. Kg3 Qxf1 30. Be6 Qf2+ 31. Kg4 Qg2+ 32. Kf5 Qf3+ 33. Kg6 Qe4+ 34. Kf7 Qh7+ 35. Ke8 Qg7 36. Bf5 Bf2 37. c4 b6 38. d5 Bc5 39. Qe6 1/2-1/2

[Event "LAT-ch"]
[Site "Riga"]
[Date "2006.03.09"]
[Round "13"]
[White "Luckans, Arnolds"]
[Black "Kengis, Edvins"]
[Result "0-1"]
[WhiteElo "2467"]
[BlackElo "2531"]
[PlyCount "64"]
[EventDate "2006.02.28"]
[EventType "tourn"]
[EventRounds "13"]
[EventCountry "LAT"]
[EventCategory "6"]
[SourceTitle "CBM 111 Extra"]
[Source "ChessBase"]
[SourceDate "2006.05.09"]
[SourceVersion "1"]
[SourceVersionDate "2006.05.09"]
[SourceQuality "1"]

1. d4 g6 2. Nf3 Bg7 3. c3 d6 4. e4 Nd7 5. Bc4 e6 6. Bg5 Ne7 7. Qc1 h6 8. Bd2 b6 9. 0-0 Bb7 10. Bd3 g5 11. Ne1 Ng6 12. Na3 Nf6 13. Qc2 0-0 14. Rd1 c5 15. dxc5 bxc5 16. f3 Qc7 17. Be3 Rad8 18. Qf2 Nd7 19. Kh1 Nde5 20. Be2 f5 21. exf5 exf5 22. Nc4 f4 23. Bc1 Kh8 24. Nc2 g4 25. Nxe5 Nxe5 26. Ne1 gxf3 27. Nxf3 Ng4 28. Qh4 Ne3 29. Bxe3 fxe3 30. Qh3 Qe7 31. Nh4 Be4 32. Nf5 Qe6 0-1

[Event "LAT-ch"]
[Site "Riga"]
[Date "2006.03.07"]
[Round "10"]
[White "Kengis, Edvins"]
[Black "Starostits, Ilmars"]
[Result "1/2-1/2"]
[WhiteElo "2531"]
[BlackElo "2493"]
[PlyCount "84"]
[EventDate "2006.02.28"]
[EventType "tourn"]
[EventRounds "13"]
[EventCountry "LAT"]
[EventCategory "6"]
[SourceTitle "CBM 111 Extra"]
[Source "ChessBase"]
[SourceDate "2006.05.09"]
[SourceVersion "1"]
[SourceVersionDate "2006.05.09"]
[SourceQuality "1"]

1. Nf3 d5 2. g3 Nf6 3. Bg2 e6 4. d4 Be7 5. 0-0 0-0 6. c4 dxc4 7. Qc2 a6 8. Qxc4 b5 9. Qc2 Bb7 10. Bd2 Ra7 11. Rd1 Qc8 12. Nc3 c5 13. dxc5 Bxc5 14. Rac1 Nbd7 15. b4 Be7 16. Qb1 Bxf3 17. Bxf3 Rc7 18. a4 Ne5 19. Bg2 Rd8 20. axb5 axb5 21. Qa1 Rc4 22. Bf4 Rxd1+ 23. Rxd1 Rxc3 24. Bxe5 Rc4 25. Bf3 Rxb4 26. Qa7 Qf8 27. Qb7 g6 28. Ra1 Ra4 29. Rb1 Ne8 30. Qxb5 Rb4 31. Rxb4 Bxb4 32. Bc6 Ng7 33. Ba1 Be7 34. e4 Qd8 35. Qb2 f6 36. Kg2 Kf7 37. Qb7 Ne8 38. Bd7 Nd6 39. Qc6 Qa5 40. Bc3 Qa7 41. e5 fxe5 42. Bxe5 Qb7 1/2-1/2

[Event "LAT-ch"]
[Site "Riga"]
[Date "2006.03.01"]
[Round "2"]
[White "Daskevics, Vadims"]
[Black "Kengis, Edvins"]
[Result "1-0"]
[WhiteElo "2336"]
[BlackElo "2531"]
[PlyCount "85"]
[EventDate "2006.02.28"]
[EventType "tourn"]
[EventRounds "13"]
[EventCountry "LAT"]
[EventCategory "6"]
[SourceTitle "CBM 111 Extra"]
[Source "ChessBase"]
[SourceDate "2006.05.09"]
[SourceVersion "1"]
[SourceVersionDate "2006.05.09"]
[SourceQuality "1"]

1. d4 Nf6 2. c4 e6 3. Nc3 Bb4 4. e3 b6 5. Nge2 Ba6 6. Ng3 c5 7. d5 0-0 8. f3 d6 9. e4 exd5 10. cxd5 Bxf1 11. Rxf1 Nbd7 12. Kf2 Ne5 13. Kg1 c4 14. Bg5 h6 15. Be3 Nd3 16. Qd2 Nd7 17. Nf5 Qf6 18. Kh1 Bc5 19. b3 Rfc8 20. Nb5 Bb4 21. Qe2 a6 22. Nbd4 Bc3 23. Rab1 b5 24. bxc4 bxc4 25. Qc2 Bb4 26. Nc6 Bc5 27. Bxc5 N7xc5 28. Nfe7+ Kh7 29. Nxc8 Rxc8 30. Qxc4 Qg5 31. Qc2 Qe3 32. Rbd1 g6 33. Qd2 Qg5 34. Qxg5 hxg5 35. Rd2 f6 36. Rb1 g4 37. Kg1 gxf3 38. gxf3 Kh6 39. Rb8 Rc7 40. h4 g5 41. Rg2 Nf4 42. hxg5+ fxg5 43. Rh2+ 1-0

[Event "Bundesliga 0506"]
[Site "Germany"]
[Date "2006.02.19"]
[Round "11.8"]
[White "Sielecki, Christof"]
[Black "Kengis, Edvins"]
[Result "1/2-1/2"]
[WhiteElo "2382"]
[BlackElo "2528"]
[PlyCount "86"]
[EventDate "2005.10.21"]
[EventType "team-tourn"]
[EventRounds "15"]
[EventCountry "GER"]
[SourceTitle "CBM 112"]
[Source "ChessBase"]
[SourceDate "2006.06.07"]
[SourceVersion "1"]
[SourceVersionDate "2006.06.07"]
[SourceQuality "1"]
[WhiteTeam "Muelheim Nord"]
[BlackTeam "Koeln Porz"]
[WhiteTeamCountry "GER"]
[BlackTeamCountry "GER"]

1. Nf3 c5 2. c4 g6 3. d4 cxd4 4. Nxd4 Bg7 5. e4 Nc6 6. Be3 Nf6 7. Nc3 0-0 8. Be2 b6 9. 0-0 Bb7 10. Nxc6 dxc6 11. e5 Nd7 12. f4 Qc7 13. Qe1 e6 14. Rd1 Rad8 15. Bf2 f6 16. Bh4 Rde8 17. Qd2 Nb8 18. exf6 Bxf6 19. Bxf6 Rxf6 20. Ne4 Rff8 21. Bg4 Bc8 22. Qd6 Qxd6 23. Nxd6 Re7 24. b4 Bd7 25. Rde1 Na6 26. a3 Nc7 27. Re5 Rg7 28. g3 h6 29. h4 Rd8 30. Rd1 Kf8 31. Ne4 Ke7 32. Bf3 Rgg8 33. Nf2 Ne8 34. Ng4 h5 35. Nf2 Nd6 36. Be2 Bc8 37. Bd3 Nf5 38. Bxf5 gxf5 39. Re3 Rxd1+ 40. Nxd1 Rd8 41. Nf2 Ba6 42. Rc3 Rd4 43. c5 Bb5 1/2-1/2

[Event "Bundesliga 0506"]
[Site "Germany"]
[Date "2006.01.28"]
[Round "8.8"]
[White "Natsidis, Christoph"]
[Black "Kengis, Edvins"]
[Result "0-1"]
[WhiteElo "2133"]
[BlackElo "2528"]
[PlyCount "80"]
[EventDate "2005.10.21"]
[EventType "team-tourn"]
[EventRounds "15"]
[EventCountry "GER"]
[SourceTitle "CBM 111"]
[Source "ChessBase"]
[SourceDate "2006.04.04"]
[SourceVersion "1"]
[SourceVersionDate "2006.04.04"]
[SourceQuality "1"]
[WhiteTeam "Leipzig Gohlis"]
[BlackTeam "Koeln Porz"]
[WhiteTeamCountry "GER"]
[BlackTeamCountry "GER"]

1. e4 c5 2. d3 g6 3. g3 Bg7 4. Bg2 e6 5. f4 Ne7 6. Nf3 Nbc6 7. c3 d5 8. 0-0 0-0 9. e5 d4 10. c4 Nf5 11. Qe2 f6 12. g4 Ne3 13. Bxe3 dxe3 14. Qxe3 fxe5 15. fxe5 Nb4 16. Na3 Bd7 17. Rad1 Qb6 18. h4 Nc6 19. Rd2 Nd4 20. Nxd4 cxd4 21. Qg3 Rxf1+ 22. Kxf1 Rf8+ 23. Kg1 Rf7 24. Re2 Be8 25. b3 Qa5 26. Nb1 b5 27. cxb5 Bxb5 28. Be4 Qc7 29. Bg2 Qc1+ 30. Re1 Qb2 31. a4 Bxd3 32. Na3 Be2 33. Nc4 Bxc4 34. bxc4 d3 35. Rd1 Bxe5 36. Qxd3 Qf2+ 37. Kh1 Qxh4+ 38. Qh3 Qg5 39. c5 Rf4 40. Kg1 Bd4+ 0-1

[Event "BEL-chT 0506"]
[Site "Belgium"]
[Date "2006.01.21"]
[Round "7"]
[White "Brodsky, Michail"]
[Black "Kengis, Edvins"]
[Result "1-0"]
[WhiteElo "2581"]
[BlackElo "2531"]
[PlyCount "65"]
[EventDate "2005.10.09"]
[EventType "team-tourn"]
[EventRounds "11"]
[EventCountry "BEL"]
[SourceTitle "EXT 2007"]
[Source "ChessBase"]
[SourceDate "2006.11.23"]
[SourceVersion "1"]
[SourceVersionDate "2006.11.23"]
[SourceQuality "1"]
[WhiteTeam "KBSK Brugge"]
[BlackTeam "Charleroi CREC"]
[WhiteTeamCountry "BEL"]
[BlackTeamCountry "BEL"]

1. d4 Nf6 2. c4 d6 3. Nf3 g6 4. Nc3 Bf5 5. Nh4 Bd7 6. e4 e5 7. Nf3 Bg7 8. Be2 exd4 9. Nxd4 0-0 10. 0-0 Re8 11. f3 Nc6 12. Be3 Nh5 13. Nxc6 bxc6 14. Qd2 Rb8 15. Rad1 f5 16. c5 d5 17. exd5 Qe7 18. dxc6 Bxc6 19. Bc4+ Kh8 20. Bd4 Red8 21. Bxg7+ Kxg7 22. Qf2 Nf4 23. b3 Qe5 24. Ne2 Nxe2+ 25. Bxe2 a5 26. Bc4 f4 27. Rde1 Qg5 28. h4 Qf5 29. Re7+ Kh6 30. g4 fxg3 31. Qe3+ g5 32. hxg5+ Kh5 33. Kg2 1-0

[Event "Hamburg Junge op"]
[Site "Hamburg"]
[Date "2005.10.03"]
[Round "3"]
[White "Schlawin, Marlon"]
[Black "Kengis, Edvins"]
[Result "1/2-1/2"]
[WhiteElo "2298"]
[BlackElo "2528"]
[PlyCount "105"]
[EventDate "2005.10.01"]
[EventType "swiss"]
[EventRounds "9"]
[EventCountry "GER"]
[SourceTitle "CBM 108 Extra"]
[Source "ChessBase"]
[SourceDate "2005.11.04"]
[SourceVersion "1"]
[SourceVersionDate "2005.11.04"]
[SourceQuality "1"]

1. e4 g6 2. d4 Bg7 3. Nf3 d6 4. Nc3 a6 5. a4 Nf6 6. Be2 0-0 7. 0-0 Nc6 8. Bf4 e6 9. Re1 b6 10. Qd2 Bb7 11. Bg5 Qd7 12. Rad1 Rae8 13. h3 Qc8 14. e5 dxe5 15. dxe5 Nd5 16. Bc4 Nxc3 17. Qxc3 Ne7 18. Bf6 Nd5 19. Bxd5 Bxd5 20. Rd4 Qb7 21. Rh4 Bxf3 22. gxf3 h5 23. Qe3 Bxf6 24. exf6 Kh7 25. c4 e5 26. Kh2 Rg8 27. Qe4 Qxe4 28. Rhxe4 Re6 29. Rxe5 Rxf6 30. Kg2 Kg7 31. Rd1 a5 32. Rd7 c5 33. Ree7 Rc8 34. Kg3 Rcc6 35. b3 Rf5 36. Rb7 Rcf6 37. Re3 g5 38. Kg2 g4 39. hxg4 hxg4 40. fxg4 Rxf2+ 41. Kg3 Rf1 42. Kg2 Rb1 43. g5 Rg6 44. Rg3 Rb2+ 45. Kh3 Rf2 46. Kg4 Rd6 47. Rb8 Rfd2 48. Rf3 Rg2+ 49. Kh4 Rd1 50. Rb7 Rh1+ 51. Rh3 Rhg1 52. Rf3 Rh2+ 53. Rh3 1/2-1/2

[Event "Hamburg Junge op"]
[Site "Hamburg"]
[Date "2005.10.02"]
[Round "2"]
[White "Kengis, Edvins"]
[Black "Laqua, Christian"]
[Result "1-0"]
[WhiteElo "2528"]
[BlackElo "2202"]
[PlyCount "53"]
[EventDate "2005.10.01"]
[EventType "swiss"]
[EventRounds "9"]
[EventCountry "GER"]
[SourceTitle "CBM 108 Extra"]
[Source "ChessBase"]
[SourceDate "2005.11.04"]
[SourceVersion "1"]
[SourceVersionDate "2005.11.04"]
[SourceQuality "1"]

1. Nf3 f5 2. c4 Nf6 3. g3 e6 4. Bg2 d5 5. 0-0 Bd6 6. d3 0-0 7. Nc3 dxc4 8. dxc4 Nc6 9. e4 e5 10. exf5 Bxf5 11. Qb3 Qc8 12. Be3 Na5 13. Qa4 Bd7 14. Nb5 b6 15. Rac1 a6 16. Nxd6 cxd6 17. Qb4 Bh3 18. Bxb6 Bxg2 19. Kxg2 Nh5 20. Rc3 Qg4 21. Qxa5 Kh8 22. Ng1 Nf4+ 23. Kh1 Ne2 24. Nxe2 Qxe2 25. Kg1 Qxb2 26. Rd3 Rf6 27. Be3 1-0

[Event "Keres Memorial-A"]
[Site "Tallinn"]
[Date "2005.08.31"]
[Round "2"]
[White "Kengis, Edvins"]
[Black "Rychagov, Mikhail"]
[Result "1/2-1/2"]
[WhiteElo "2534"]
[BlackElo "2455"]
[PlyCount "47"]
[EventDate "2005.08.30"]
[EventType "tourn (rapid)"]
[EventRounds "9"]
[EventCountry "EST"]
[EventCategory "9"]
[SourceTitle "CBM 108 Extra"]
[Source "ChessBase"]
[SourceDate "2005.11.04"]
[SourceVersion "1"]
[SourceVersionDate "2005.11.04"]
[SourceQuality "1"]

1. Nf3 d5 2. g3 c5 3. Bg2 Nc6 4. d4 e6 5. 0-0 cxd4 6. Nxd4 Bc5 7. Nb3 Bb6 8. c4 Nf6 9. cxd5 Nxd5 10. Nc3 Nxc3 11. Qxd8+ Nxd8 12. bxc3 Bd7 13. c4 Rc8 14. Bb2 Rxc4 15. Bxg7 Rg8 16. Bf6 Bc6 17. Rfd1 Bxg2 18. Kxg2 Nc6 19. e3 Rg6 20. Bb2 Rg5 21. Rac1 Rxc1 22. Rxc1 Rb5 23. Ba3 Bd8 24. Bc5 1/2-1/2